| 000 | 00747cam a22002653a 4500 | ||
|---|---|---|---|
| 001 | 24965 | ||
| 003 | PGUSA | ||
| 005 | 20140828083534.0 | ||
| 008 | 080330s2008||||xxu|||||s|||||000 1 eng d | ||
| 040 |
_aPGUSA _beng |
||
| 042 | _adc | ||
| 050 | 4 | _aPS | |
| 100 | 1 |
_aMarks, Winston K., _d1915-1979 |
|
| 245 | 1 | 4 |
_aThe Deadly Daughters _h[electronic resource] / _cWinston K. Marks |
| 260 |
_bProject Gutenberg, _c2008 |
||
| 506 | _aPublic domain in the USA. | ||
| 516 | _aElectronic text | ||
| 653 | _aPolitical fiction | ||
| 653 | _aShort stories | ||
| 653 | _aScience fiction, American | ||
| 700 | 1 |
_aNovick, Irving H., _d1916-2004 |
|
| 830 | 0 |
_aProject Gutenberg _v24965 |
|
| 856 | 4 | 0 | _uhttp://www.gutenberg.org/ebooks/24965 |
| 942 | _cEB | ||
| 999 |
_c254220 _d254220 |
||